00709 2200253 4500001002100000005001700021008004100038020002200079035002400101040001200125041000800137082001700145084001700162090002100179100001700200245008200217250001100299260003300310300003800343504002700381650001300408850001200421990002200433INLIS00000000003087420170929091341.0  a978-602-401-946-4 0010-091700000000242 aYOPDYOG0 aind042[23]a006.76 a006.76 Fit W aDEP 006.76 Fit W0 aFITRI MARISA0 aWeb programming (client side and side) untuk membangun portalc/ Fitri Marisa aCet. 1 aYogyakartabDeepublishc2016 aviii, 250 hlm.b: ilus.c; 23 cm. aBibliografi : hlm. 250 4aInternet aYOPDYOG aCB-D.11/2016-2391